Comuni della Provincia di Forlì-Cesena - Statistics

Statistiche generali
  • Questo quiz è stato fatto 34 volte
    24 dall'ultimo reset
  • Il punteggio medio è 16 su 30
Statistiche sulle risposte
Comune % Corretto
Cesena
100%
Cesenatico
100%
Forlì
100%
Forlimpopoli
100%
Bagno di Romagna
71%
Bertinoro
71%
Predappio
71%
Santa Sofia
64%
Gambettola
57%
Gatteo
57%
Meldola
57%
Premilcuore
50%
San Mauro Pascoli
50%
Civitella di Romagna
43%
Dovadola
43%
Mercato Saraceno
43%
Modigliana
43%
Sarsina
43%
Savignano sul Rubicone
43%
Verghereto
43%
Borghi
36%
Castrocaro Terme e Terra del Sole
36%
Galeata
36%
Longiano
36%
Montiano
36%
Rocca San Casciano
36%
Roncofreddo
29%
Tredozio
29%
Portico e San Benedetto
21%
Sogliano al Rubicone
21%
Nessun quiz corrispondente trovato
Distribuzione punteggi
Percentuale di utenti per punteggio
Percentile per numero di risposta
I tuoi punteggi nel tempo
Non hai fatto questo quiz dall'ultimo reset